000 00341nam a2200133 i 4500
001 bg
100 1 _aWOŁOCH, Józef
245 0 _aPolityka administracyjna PRL i problemy ustroju terenowego /
_cJózef Wołoch.
260 _aWrocław,
_c1974.
040 _cBPK
041 _apol
942 _cKS
008 s pl f |000 0 pol
999 _c26439
_d26439
856 _uhttp://koha.tu.koszalin.pl/cgi-bin/koha/opac-detail.pl?biblionumber=26439
_yKatalog online BPK